Normal view
MARC view
- الشافعي، فخر الدين أبي بكر بن علي بن محمد ؛ دراسة وتحقيق ياسر سلامة أبو طعمة
Entry Personal Name
001 - CONTROL NUMBER
- control field: 49248
003 - CONTROL NUMBER IDENTIFIER
- control field: JO-AjAnu
005 - DATE AND TIME OF LATEST TRANSACTION
- control field: 20230606082121.0
008 - FIXED-LENGTH DATA ELEMENTS
- fixed length control field: 230606|| aca||aabn | a|a d
040 ## - CATALOGING SOURCE
- Original cataloging agency: JO-AjAnu
- Transcribing agency: JO-AjAnu
100 ## - HEADING--PERSONAL NAME
- Personal name: الشافعي، فخر الدين أبي بكر بن علي بن محمد ؛ دراسة وتحقيق ياسر سلامة أبو طعمة
670 ## - SOURCE DATA FOUND
- Source citation: Work cat.: (JO-AjAnu)25187: الشافعي، فخر الدين أبي بكر بن علي بن محمد ؛ دراسة وتحقيق ياسر سلامة أبو طعمة, author, غنية الفقير في حكم حج الأجير